| 000 | 00569nam a2200169 a 4500 | ||
|---|---|---|---|
| 005 | 20210219161840.0 | ||
| 008 | 081107s1998 mx r 000 0 spa d | ||
| 020 | _a9687798351246 | ||
| 035 | _aUPN01000192763 | ||
| 049 | _aUNE | ||
| 080 | _aOC 31: 378.4 (72) "1997" ANNn. | ||
| 245 | 0 | 0 |
_aAnuario estadístico, 1997 : _bPersonal docente de licenciatura y posgrado en universidades e institutos tecnológicos. |
| 260 |
_aMéxico : _bANUIES, _c1998. |
||
| 300 |
_a474 p. ; _bil. |
||
| 690 | _aEnseñanza superior- Estadisticas educacionales- Mexico | ||
| 905 | _aUNESCO | ||
| 999 |
_c164865 _d164865 |
||